| 000 | 00797cam0a220019300 4500 | ||
|---|---|---|---|
| 005 | 20190809124739.0 | ||
| 008 | 071001 | ||
| 035 | _a(Sirsi) a152157 | ||
| 090 | _aTHESIS (ANTHRO) PH.D. MAN 2004 | ||
| 100 | 1 | _aManspeizer, Ilyssa | |
| 245 | 1 | 0 |
_aConsidering wildlife conservation in Zambia at the turn of the millennium / _cby Ilyssa Manspeizer. |
| 260 |
_aNew York : _bBinghamton University, _c2004 |
||
| 300 |
_axvii.359p.: _bill |
||
| 502 | _aThesis (PH.D.)-The Binghamton University, 2004 | ||
| 504 | _aIncludes bibliographical references. | ||
| 650 | 0 |
_aWildlife conservation -- Zambia _zWildlife conservation -- Zambia _6S28152.1 |
|
| 650 | 0 |
_aHistorical -- Zambia _zHistorical -- Zambia _6S90611.1 |
|
| 650 | 0 |
_aPolitical -- Zambia _zPolitical -- Zambia _6S84929.2 |
|
| 999 |
_c4395 _d4395 |
||